लोड हो रहा है...

Women and media : challenging feminist discourse /

ग्रंथसूची विवरण
अन्य लेखक: Kiran Prasad (संपादक)
स्वरूप: Printed Book
भाषा:English
प्रकाशित: Delhi: The women press, 2010.
विषय:
LEADER 00767 a2200205 4500
008 141101b xxu||||| |||| 00| 0 eng d
020 |a 9788189110260 
082 |a 302.230820954 
245 |a Women and media :  |b challenging feminist discourse /  |c edited by Kiran Prasad. 
260 |c 2010.  |b The women press,  |a Delhi: 
300 |a xii,244 p.:  |c 23 cm. 
500 |a Includes bibliographical references. 
650 |a Mass media and women  |z India. 
650 |a Women in mass media  |z India. 
650 |a Women. 
650 |a Mass media. 
700 |a Kiran Prasad.  |e Editor. 
942 |2 ddc  |c BK 
999 |c 102541  |d 102541 
952 |0 0  |1 0  |4 0  |6 302_230820954000000_WOM  |7 0  |9 103208  |a UL  |b UL  |c ST1  |d 2013-10-18  |e 2  |g 350.00  |l 2  |m 3  |o 302.230820954 WOM  |p 90885  |r 2020-11-25  |s 2020-03-10  |v 500.00  |y BK